000 00527nam a2200181 a 4500
001 0763
005 20140414131900.0
008 040929s19uu xx 00 eng d
020 _a971-121-028-2
050 _aFIL 591.59
_bA7 1980
100 _aAlonzo, Roberto
245 _aSino ako?: hulaan and tunog /
_cby Roberto Alonzo ; illustrated by Albert E. Gamos.
260 _aManila :
_bAklat Adarna,
_c1980.
300 _ap. : ill. ; cm.
650 _aSounds
_xFiction.
650 _aAnimal sound
_xFiction.
999 _c110613
_d110613